| 000 | 00444 a2200169 4500 | ||
|---|---|---|---|
| 020 | _a9781932495089 | ||
| 024 | _a9781932495089 | ||
| 082 | _a332.6015195 | ||
| 090 |
_c6980 _d6980 |
||
| 100 | _aDefusco,Richard A. | ||
| 245 |
_aQuantitative Methods for Investment Analysis. _cRichard A.Defusco |
||
| 250 | _a2nd. | ||
| 260 |
_aAmerica _bCFA Institute _c2004 |
||
| 300 | _a721p. | ||
| 500 | _aHard cover | ||
| 942 |
_aNBS _cBK _k332.6015195 DEF |
||
| 999 |
_c349314 _d349314 |
||